|
|
|
|
| LEADER |
02030nam a2200529 i 4500 |
| 001 |
nkc20183008577 |
| 003 |
CZ PrNK |
| 005 |
20180903083844.0 |
| 007 |
ta |
| 008 |
180711s2018 xr ah e 000 0 cze |
| 015 |
|
|
|a cnb003008577
|
| 020 |
|
|
|a 978-80-270-4462-7
|q (v knize neuvedeno ;
|q brožováno)
|
| 035 |
|
|
|a (OCoLC)1051233301
|
| 040 |
|
|
|a OLA001
|b cze
|d ABA001
|e rda
|
| 043 |
|
|
|a e-xr---
|b e-xr-st
|2 czenas
|
| 045 |
|
|
|a w4w8
|
| 072 |
|
7 |
|a 94(437)
|x Dějiny Česka a Slovenska
|2 Konspekt
|9 8
|
| 080 |
|
|
|a 82-94:352
|2 MRF
|
| 080 |
|
|
|a 94(437.312)
|2 MRF
|
| 080 |
|
|
|a (093.3)
|2 MRF
|
| 080 |
|
|
|a (084.11)
|2 MRF
|
| 100 |
1 |
|
|a Jindrák, Václav
|7 jo20181002530
|4 aut
|
| 245 |
1 |
0 |
|a Jindrákova kronika :
|b kronika městyse Maršovice 1847-1880 /
|c sestavil Bohumil Ježek ; na přípravě knihy se podíleli Hana Havlíčková a Vít Kubásek
|
| 250 |
|
|
|a 1. vydání
|
| 264 |
|
1 |
|a [Maršovice] :
|b Městys Maršovice,
|c 2018
|
| 300 |
|
|
|a 109 stran :
|b ilustrace (některé barevné), faksimile ;
|c 21 cm
|
| 336 |
|
|
|a text
|b txt
|2 rdacontent
|
| 337 |
|
|
|a bez média
|b n
|2 rdamedia
|
| 338 |
|
|
|a svazek
|b nc
|2 rdacarrier
|
| 648 |
|
4 |
|a 1847-1880
|
| 648 |
|
7 |
|a 19. století
|7 ch460557
|2 czenas
|
| 650 |
0 |
7 |
|a obecní kroniky
|7 ph123578
|z Česko
|y 19. století
|2 czenas
|
| 650 |
0 |
9 |
|a municipal chronicles
|z Czechia
|y 19th century
|2 eczenas
|
| 651 |
|
7 |
|a Maršovice (Benešov, Česko)
|7 ge129975
|x dějiny
|y 19. století
|2 czenas
|
| 651 |
|
9 |
|a Maršovice (Benešov, Czechia)
|x history
|y 19th century
|2 eczenas
|
| 655 |
|
7 |
|a kroniky
|7 fd132684
|2 czenas
|
| 655 |
|
7 |
|a obrazové publikace
|7 fd132947
|2 czenas
|
| 655 |
|
9 |
|a chronicles
|2 eczenas
|
| 655 |
|
9 |
|a pictorial works
|2 eczenas
|
| 700 |
1 |
|
|a Ježek, Bohumil,
|d 1967-
|7 mzk2006320160
|4 edt
|
| 700 |
1 |
|
|a Havlíčková, Hana,
|d 1959-
|7 xx0225866
|4 ctb
|
| 700 |
1 |
|
|a Kubásek, Vít
|4 ctb
|
| 910 |
2 |
|
|a BOA001
|b 2-1410.669
|
| 990 |
|
|
|a BK
|
| 995 |
|
|
|a 01
|
| 991 |
|
|
|b 201807
|c NOV
|
| 996 |
6 |
|
|b 2610749168
|c 2-1410.669
|l MZK
|r Sklad / do 1 hodiny
|n 0
|p p.v.
|w 001674108
|u 000010
|a 1
|e BOA001
|j MZK50
|s P
|